000
00311nam a2200145Ia 4500
100
_a
Reinhardt/ Robert
942
_c
BK
366
_f
15
654
_a
Flash 5 Bible
245
_a
Flash 5 Bible
260
_b
IDG Books India (P) Ltd.
_a
New Delhi
_c
2001
082
_a
5.1
300
_a
1299
546
_a
ENGLISH
999
_c
33580
_d
33580